Čitáreň v krajine

Na minha lista:
Detalhes bibliográficos
Autor principal: Guťan, Simon (Author)
Outros Autores: Provazník, Robert (Thesis advisor)
Formato: Manuscrito Livro
Idioma:eslovaco
Publicado em: 2025
Assuntos:
Acesso em linha:http://is.stuba.sk/zp/portal_zp.pl?podrobnosti=167519
CRZP
Tags: Adicionar Tag
Sem tags, seja o primeiro a adicionar uma tag!

MARC

LEADER 00000ntm a22000003a 4500
001 stuzp104418
003 SK-STU
005 20250722154413.6
007 ta
008 150427s2015----xo-----f-mn---000-0-slo-d
040 |a STU  |b slo 
041 0 |a slo 
100 1 |a Guťan, Simon  |u 010310  |4 aut  |U SvF Stavebná fakulta  |T SvF Katedra architektúry  |X 114901  |U V181|V310  |Y 19  |7 114901 
242 0 1 |a Rural readingscape  |y eng 
245 1 0 |a Čitáreň v krajine 
260 |c 2025 
650 4 |a čitáreň  |2 slo 
650 4 |a kultúra  |2 slo 
650 4 |a komunitné centrum  |2 slo 
650 4 |a vidiek  |2 slo 
650 4 |a príroda  |2 slo 
650 4 |a rural setting  |2 eng 
650 4 |a nature  |2 eng 
650 4 |a readingscape  |2 eng 
650 4 |a culture  |2 eng 
650 4 |a community center  |2 eng 
700 1 |a Provazník, Robert  |u 010310  |k Z1  |4 ths  |U SvF Stavebná fakulta  |T SvF Katedra architektúry  |X 75484  |U V181|V310  |Y 19  |7 75484 
856 4 |u http://is.stuba.sk/zp/portal_zp.pl?podrobnosti=167519 
856 4 |u https://opac.crzp.sk/?fn=detailBiblioForm&sid=EE8AF2E76B4BE2A868AAC293824A  |z CRZP